Mukamba na syithio syake (Record no. 49870)

MARC details
000 -LEADER
fixed length control field 00210 a2200097 4500
020 ## - INTERNATIONAL STANDARD BOOK NUMBER
International Standard Book Number 9789966974733
245 ## - TITLE STATEMENT
Title Mukamba na syithio syake
250 ## - EDITION STATEMENT
Edition statement Revised
260 ## - PUBLICATION, DISTRIBUTION, ETC. (IMPRINT)
Name of publisher, distributor, etc Sengani Publishers
Date of publication, distribution, etc 2010
942 ## - ADDED ENTRY ELEMENTS (KOHA)
Koha item type Book

No items available.